000 00337nam a22001337a 4500
008 171002b xxu||||| |||| 00| 0 eng d
020 _a9780137152636
041 _aeng
080 _22ND
_a37
100 _a47
101 _aEDU
245 _aINFANT AND TODDLER DEVELOPMENT AND RESPONSIVE PROGRAM PLANNING
_cWITTMER,D,S
942 _2udc
_cBK
999 _c31097
_d31097